Football : Stade Brestois - Statistiques

Statistiques générales
  • Ce quiz a été pris 189 fois
  • Le résultat moyen est 11 sur 16
Statistiques - réponses
Questions Réponses % Correct
Que signifie le sigle SB ? Stade Brestois
100%
Quelle est la couleur principal du maillot du club breton ? Rouge
98%
Combien de championnats de France cette équipe a-t-elle remporté ? 0
97%
Quelle est la plus belle saison qu'a connu Brest ? 2023-2024
93%
Dans quelle compétition s'est qualifiée Brest ? Ligue des Champions
92%
Quel géant attaquant chauve composait l'attaque ? Ludovic Ajorque
90%
Par quelle équipe s'est-elle fait éliminer en barrages ? Paris Saint Germain
89%
Comment s'appelle le stade de Brest ? Francis Le Blé
86%
Quel coach a permis cette qualification? Eric Roy
84%
Quel club breton est le principal rival de Brest ? Stade Rennais
83%
Qui est ce défenseur, également capitaine de l'équipe ? Brendan Chardonnet
81%
En quelle année a été fondé le club ? 1950
59%
Quel gardien de l'équipe de France a gardé les cages brestoises entre 1990 et 1991 ? Bernard Lama
53%
Quel attaquant de l'équipe de France de la fin des années 1990 a évolué à Brest ? Stéphane Guivarc'h
25%
Quel joueur compte le plus de caps sous le maillot brestois ? René Treguer
10%
Qui est le meilleur buteur de l'histoire de Brest ? Franck Lérand
3%
Aucun quiz correspondant
Distribution des résultats
% des personnes avec chaque résultat
Percentile par nombre de réponses
Votre historique - résultats
Vous n’avez pas pris ce quiz